| 000 | 00866nam a22002057a 4500 | ||
|---|---|---|---|
| 003 | OSt | ||
| 005 | 20260128094143.0 | ||
| 008 | 210803b ||||| |||| 00| 0 eng d | ||
| 040 | _cOSt | ||
| 041 | _ashan | ||
| 082 | _a808.4 | ||
| 245 |
_aၶၢဝ်းတၢင်းသီႇႁူဝ်ႇမၢႆ-10 _cၸဝ်ႈၶူးတေဝိၼ်တႃၽိပႃလ (---လႄႈတၢင်ႇပႃး) ႁၢင်ႈၶိူင်ႈပပ်ႉ |
||
| 260 |
_aတႃႈၵုင်ႈ _b[ဢမ်ႇပႃးတီႈ] _c2008 |
||
| 300 |
_axix၊ 439 ၼႃႈ _bပႃးၶႅင်းႁၢင်ႈ (သီ)၊ လွၵ်း _c22 ၸိၼ်ႇထီႇ |
||
| 500 | _a S-SAT: Dr. Prof Sai Aung Tun | ||
| 501 | _aပႃးၽိုၼ်ဢိင် | ||
| 650 | _aလိၵ်ႈႁွမ်တွမ် (article) | ||
| 942 | _cBK | ||
| 942 | _2ddc | ||
| 999 |
_c6175 _d6175 |
||